| 000 | 00493nam a2200157Ia 4500 | ||
|---|---|---|---|
| 003 | GCL | ||
| 008 | 140319s9999 xx 000 0 ara d | ||
| 040 |
_aGCL / _cGCL |
||
| 082 | 0 | 4 |
_a330.154 _bم م |
| 100 | 1 | _aمحمود فوزى حمد | |
| 245 | 1 | 0 |
_aمبادئ الاقتصاد الهندسى, ط 2 / _cمحمود فوزى حمد |
| 260 |
_a[S.N] : _bدار جون وايلى وابنائة ، _c1984 |
||
| 300 | _a578 ص | ||
| 650 | 0 | 4 | _aالاقتصاد الهندسى |
| 942 |
_2ddc _cBK |
||
| 999 |
_c43060 _d43060 |
||